000 00659nam a2200181 a 4500
001 000046081
005 20201002052626.0
008 150617s2013 dr 000 0 spa d
020 _a9789945882261
040 _aDO-SdBNP
_bspa
_cBNPHU
100 1 _aLebrón Contreras, Roberto
_974153
245 1 0 _aExclusión social, eclesiástica y de los apátridas. /
_cRoberto Lebrón Contreras ; prólogo Wilfredo Mañon Rossi.
260 _aSanto Domingo, :
_bValdez,
_c2013.
300 _a181 p. ;
_c21 cm.
500 _aIncluye datos biografícos del autor en la contraportada
504 _aBibliografía p: 173-176
700 1 2 _aMañon Rossi, Wilfredo
_epról.
_936813
999 _c45570
_d45570